101 dalmatians / (Record no. 110828)
[ view plain ]
| 000 -LEADER | |
|---|---|
| fixed length control field | 00457nam a2200181 a 4500 |
| 001 - CONTROL NUMBER | |
| control field | 0069 |
| 005 - DATE AND TIME OF LATEST TRANSACTION | |
| control field | 20140414131904.0 |
| 008 - FIXED-LENGTH DATA ELEMENTS--GENERAL INFORMATION | |
| fixed length control field | 040728s19uu xx 00 eng d |
| 020 ## - INTERNATIONAL STANDARD BOOK NUMBER | |
| International Standard Book Number | 0-7323-2846-2 |
| 050 ## - LIBRARY OF CONGRESS CALL NUMBER | |
| Classification number | FIC |
| Item number | M45 1996 |
| 100 ## - MAIN ENTRY--PERSONAL NAME | |
| Personal name | Mazer, Anne |
| 245 ## - TITLE STATEMENT | |
| Title | 101 dalmatians / |
| Statement of responsibility, etc | a novel by Anne Mazer. |
| 260 ## - PUBLICATION, DISTRIBUTION, ETC. (IMPRINT) | |
| Place of publication, distribution, etc | Australia : |
| Name of publisher, distributor, etc | Reed for Kids, |
| Date of publication, distribution, etc | 1996. |
| 300 ## - PHYSICAL DESCRIPTION | |
| Extent | 92 p. : ill. ; cm. |
| 650 ## - SUBJECT ADDED ENTRY--TOPICAL TERM | |
| Topical term or geographic name as entry element | Fiction. |
| 650 ## - SUBJECT ADDED ENTRY--TOPICAL TERM | |
| Topical term or geographic name as entry element | Novel. |
| Withdrawn status | Lost status | Damaged status | Use restrictions | Home library | Current library | Shelving location | Date acquired | Source of acquisition | Total Checkouts | Full call number | Barcode | Date last seen | Price effective from | Koha item type |
|---|---|---|---|---|---|---|---|---|---|---|---|---|---|---|
| Munich Library | Munich Library | Fiction Section | 07/28/2004 | FIC M45 1996 | M1331 | 04/14/2014 | 04/14/2014 | Books |